[Event "GER-chT Betriebe 15th"]
[Site "Munich"]
[Date "2015.10.25"]
[Round "7.3"]
[White "Kleint, Gert"]
[Black "Hofbauer, Bernhard"]
[Result "0-1"]
[WhiteElo "1757"]
[BlackElo "1954"]
[PlyCount "80"]
[EventDate "2015.10.22"]
[EventType "team-swiss"]
[EventRounds "7"]
[EventCountry "GER"]
[SourceTitle "EXT 2020"]
[Source "ChessBase"]
[SourceDate "2019.10.17"]
[SourceVersion "1"]
[SourceVersionDate "2019.10.17"]
[SourceQuality "1"]
[WhiteTeam "Halle/Saale IPM"]
[BlackTeam "Fiducia IT"]
[WhiteTeamCountry "GER"]
[BlackTeamCountry "GER"]

1. d4 Nf6 2. c4 e6 3. Nc3 Bb4 4. e3 b6 5. Nf3 Ne4 6. Bd2 Bxc3 7. Bxc3 Nxc3 8. bxc3 Bb7 9. Be2 0-0 10. 0-0 d6 11. Qc2 Qe7 12. e4 e5 13. d5 Bc8 14. Rfe1 Nd7 15. Nd2 a5 16. a4 Nc5 17. Nb3 Nxb3 18. Qxb3 f5 19. exf5 Bxf5 20. Qd1 Qg5 21. Ra2 Bd7 22. Qc1 Qf5 23. Qe3 Rae8 24. Bd1 Qf4 25. Qe4 Rf6 26. Rae2 Ref8 27. Bb3 Qxe4 28. Rxe4 Rxf2 29. R4e2 R2f4 30. h3 Bf5 31. Re3 Bg6 32. R1e2 Rf1+ 33. Kh2 Rb1 34. Ba2 Rbf1 35. Kg3 Be8 36. Bb3 Ra1 37. c5 Bxa4 38. Bxa4 Rxa4 39. cxb6 cxb6 40. Rb2 Rb8 0-1

[Event "GER-chT Betriebe 15th"]
[Site "Munich"]
[Date "2015.10.23"]
[Round "6.3"]
[White "Santos, Paulo J"]
[Black "Kleint, Gert"]
[Result "1-0"]
[WhiteElo "1833"]
[BlackElo "1757"]
[PlyCount "120"]
[EventDate "2015.10.22"]
[EventType "team-swiss"]
[EventRounds "7"]
[EventCountry "GER"]
[SourceTitle "EXT 2020"]
[Source "ChessBase"]
[SourceDate "2019.10.17"]
[SourceVersion "1"]
[SourceVersionDate "2019.10.17"]
[SourceQuality "1"]
[WhiteTeam "Muenchen EPA III"]
[BlackTeam "Halle/Saale IPM"]
[WhiteTeamCountry "GER"]
[BlackTeamCountry "GER"]

1. e4 c5 2. Nc3 Nc6 3. g3 g6 4. Bg2 Bg7 5. d3 d6 6. Be3 e6 7. f4 Nge7 8. Nf3 Nd4 9. 0-0 0-0 10. Rb1 Rb8 11. g4 f5 12. gxf5 exf5 13. e5 Nec6 14. exd6 Qxd6 15. Qd2 Re8 16. Rfe1 Nxf3+ 17. Bxf3 Nd4 18. Bg2 Be6 19. a3 b5 20. Qf2 Rbc8 21. Kh1 b4 22. Nd1 b3 23. cxb3 Nxb3 24. Qc2 Red8 25. Nf2 Bf7 26. Rbd1 Rb8 27. Rb1 Nd4 28. Qa4 a6 29. Qd1 Bb3 30. Qc1 Nc2 31. Re2 Nxe3 32. Qxe3 Bd4 33. Qg3 Bxf2 34. Qxf2 Qxd3 35. Rbe1 Qd4 36. Qh4 Rd7 37. Re3 Bf7 38. Bc6 Rc7 39. Bg2 Qd6 40. Qf2 Bd5 41. Bxd5+ Qxd5+ 42. Kg1 Qd4 43. Re8+ Rxe8 44. Rxe8+ Kf7 45. Qxd4 cxd4 46. Rd8 Rc1+ 47. Kf2 Rc2+ 48. Kg1 Rxb2 49. Rxd4 Rb5 50. a4 Rc5 51. Kf2 Ke6 52. Ke3 Rc3+ 53. Kf2 a5 54. Kg2 Rb3 55. Rd8 Rb4 56. Kg3 Rxa4 57. Rh8 h5 58. Rg8 Kf6 59. Ra8 Ra1 60. Ra6+ Kg7 1-0